El Estado Social en la Constitucin̤ de 1993 Evolucin̤, interpretacin̤ y proyeccin̤ garantista en el Per ︢/

Detalles Bibliográficos
Autor principal: Ochoa Cardich, Cšar
Formato: eBook
Lenguaje:español
Publicado: Lima: Palestra Editores, 2020
Materias:
Acceso en línea:Acceso restringido

MARC

LEADER 00000nam a22000007a 4500
005 2022082206046.0
007 cr|||| ||||
008 220822s2020 pe |||||s|||| 00||0 spa d
020 |a 9786123251536 
035 |a 36911 
040 |a vLex 
090 |c 13767  |d 13767 
100 1 |a Ochoa Cardich, Cšar 
245 1 2 |a El Estado Social en la Constitucin̤ de 1993  |h [Recurso electrn̤ico] :  |b Evolucin̤, interpretacin̤ y proyeccin̤ garantista en el Per ︢/  |c Cšar Ochoa Cardich  
256 |a Servicio en ln̕ea 
260 |a Lima:  |b Palestra Editores,  |c 2020 
300 |a 1 recurso electrn̤ico 
500 |a El mantenimiento de la Clùsula del Estado Social en la Constitucin̤ de 1993 en el artc̕ulo 43 que declara que “La Repb︢lica del Per ︢es democrt̀ica, social, independiente y soberana” no fue una concesin̤ progresista de la mayora̕ del denominado Congreso Constituyente Democrt̀ico. Como todo Estado es social, si por social se entiende lo atinente a la sociedad, no le atribuyeron ninguna vocacin̤ de transformacin̤ de las relaciones socioeconm̤icas ni de tutela de los derechos econm̤icos, sociales y culturales. El presente estudio analiza el proceso de jurisprudencia innovativa del Tribunal Constitucional del Per ︢y lo califica como la reconstruccin̤ del significado de la Clùsula del Estado Social que debe ser orientada a desarrollar un sistema de garanta̕s para el logro del constitucionalismo de la igualdad. Con esa finalidad el autor asume los aportes de dos paradigmas actuales: el neoconstitucionalismo y el garantismo. As,̕ el juez constitucional debe encontrar su hoja de ruta en los valores superiores de la Norma Suprema, que —como los conceptos morales del principialismo— lo gue̕n para la tutela efectiva y en serio de los derechos econm̤icos, sociales y culturales, que a su vez es una finalidad del garantismo. 
506 1 |a Disponible solo en los productos indicados  |d vLex Global  |d vLex Global (Academic Edition, excluding Law Schools)  |d vLex Global (U.S. Academic Edition, Law Schools)  |d vLex Global (U.S. Academic Edition, excluding Law Schools)  |d vLex Global (Academic Edition, Law Schools) 
650 0 4 |a Derecho Constitucional  |z Per︢ 
740 0 |a vLex Libros (Servicio en ln̕ea) 
856 4 0 |u https://app.vlex.com/#/sources/36911  |z Acceso restringido 
942 |c BOOK 
999 0 |a Constitutional right